000 00611nam a2200241 a 4500
001 nice12345678
003 IN_TiNIC
005 20260116013141.0
008 050524s1990 lona grp 000 0 eng
020 _a0860122
_c736.3
082 0 0 _a230.046
_bCOM
100 _aComblin, Jose
245 _aBeing Human
_b Christian Anthropology
260 _aLondon
_bBurns and Oates
_c1990
300 _a260p
500 _aincludes index and biblioraphy
505 2 _aIndex, Bibliography
650 _aLiberation-Theology
700 1 _aComblin, Jose
902 _bSRS
942 _cBK
999 _c9870
_d9870